| 000 | 00761 a2200277 4500 | ||
|---|---|---|---|
| 001 | 200425091 | ||
| 650 | 0 |
_9115861 _aCriminal attempt _zTurkey _xTurkey. |
|
| 650 | 0 |
_aSuça teşebbüs _zTürkiye _xTürkiye. _9115862 |
|
| 999 |
_c200425091 _d38247 |
||
| 003 | TR-AnTOB | ||
| 005 | 20240828152639.0 | ||
| 008 | 160930e2015 tu 000 0 | ||
| 020 | _a9786051466149 | ||
| 040 |
_aTRTET _btur _erda |
||
| 041 | _atur | ||
| 050 | 0 |
_aKKX3912 _b.T69 2015 |
|
| 090 | _aKKX3912 .T69 2015 | ||
| 100 | 1 |
_aTozman, Önder _9115860 |
|
| 245 | 1 | 0 |
_aSuça teşebbüs / _cÖnder Tozman. |
| 264 | 1 |
_aAnkara : _bAdalet, _c2015. |
|
| 300 |
_axvi, 427 pages ; _c24 cm. |
||
| 336 |
_atext _2rdacontent |
||
| 337 |
_aunmediated _2rdamedia |
||
| 338 |
_avolume _2rdacarrier |
||
| 942 | _cBK | ||